Camerounais célèbres par images - Statistiques

Statistiques générales
  • Ce quiz a été pris 352 fois
    165 depuis la dernière actualisation
  • Le résultat moyen est 6 sur 12
Statistiques - réponses
Par images Réponse % Correct
Samuel Eto'o
98%
Francis Ngannou
93%
Paul Biya
82%
Roger Milla
76%
Joel Embiid
70%
Manu Dibango
69%
Marc-Vivien Foé
44%
Pascal Siakam
41%
Richard Bona
25%
Irma
9%
Wes Madiko
8%
Amobé Mévégué
1%
Aucun quiz correspondant
Distribution des résultats
% des personnes avec chaque résultat
Percentile par nombre de réponses
Votre historique - résultats
Vous n’avez pas pris ce quiz depuis la dernière actualisation